| 000 | 00344nam a2200109Ia 4500 | ||
|---|---|---|---|
| 008 | 171211s9999 xx 000 0 und d | ||
| 245 | _aHistorical Dictionary of English Music: ca. 1400-1958 | ||
| 245 | _cCharles Edward McGuire | ||
| 260 | _c2011 | ||
| 650 | _xEncyclopedia and Dictionary | ||
| 856 | _uhttp://down.ebook777.com/057/0810857502.pdf | ||
| 999 |
_c350180 _d350180 |
||